| 000 | 00651nam a22002297a 4500 | ||
|---|---|---|---|
| 005 | 20220121143909.0 | ||
| 008 | 220121b ||||| |||| 00| 0 eng d | ||
| 040 | _cAL | ||
| 041 | _aeng | ||
| 082 |
_223 _a954.13 _bGOPR |
||
| 100 |
_aT N Gopalan _914237 |
||
| 245 | _aRepatriates in Nilgiris A Saga of Struggle | ||
| 260 |
_aKotagiri _bDalit Action Research _c1995 |
||
| 300 |
_aiiii,145 p. _bPB _c21x14 cm. |
||
| 365 |
_b20.00 _c₹ _d20.00 |
||
| 650 |
_aRepatriates and Badagas _914238 |
||
| 650 |
_aEnvironment _914239 |
||
| 650 |
_aMalayalis _914240 |
||
| 650 |
_aPower Structrue _914241 |
||
| 700 |
_aGOPALAN (T N) _914242 |
||
| 942 |
_2ddc _cGF |
||
| 999 |
_c221292 _d221292 |
||